00628nai a2200145Ia 4500003000900000008004100009022002300050040001600073245006400089260008600153362002400239521006900263650005700332856009300389IN-BaIIA211028c9999 xx s 000 0 eng d a2644-125X (Online) cIIA Library 0aIEEE Open Journal of the Communications Societyh[eJournal] aNew York, USAbThe Institute of Electrical and Electronics Engineers, Inc. (IEEE) a1(); 2020 - Present bSubscribed through National Knowledge Resource Consortium (NKRC) aCommunication, Networking and Broadcast Technologies uhttps://ieeexplore.ieee.org/servlet/opac?punumber=8782661yClick Here to Access eJournal